| 000 | nam a22 7a 4500 | ||
|---|---|---|---|
| 999 |
_c128610 _d128610 |
||
| 008 | 181121b xxu||||| |||| 00| 0 eng d | ||
| 050 |
_aPR6003.E28 _bZ564 1978 |
||
| 100 |
_aBair, Deirdre _917049 |
||
| 245 |
_aSamuel Beckett _ba biography _cDeirdre Bair |
||
| 260 |
_aNew York _bHarcort, Brace and Jovanovich _c1978 |
||
| 300 |
_axiv, 736p. ; _c24cm. |
||
| 600 |
_aBeckett, Samuel, 1906- _xBiography _943551 |
||
| 650 |
_aAuthors, Irish _xBiography _y20th Century _943552 |
||
| 942 |
_2lcc _cMONOGRAPH |
||